Liedtext: Schneeflöckchen, Weißröckchen - Statistiken

Allgemein
  • Dieses Quiz wurde 45 mal gespielt
  • Das Durchschnittsergebnis liegt bei 43 aus 62
Antwortstatistiken
Textquiz % Korrekt
2 Komm
100%
4 komm
100%
1 Schneeflöckchen,
100%
3 Schneeflöckchen,
100%
4 Schneeflöckchen,
100%
1 Weißröckchen,
100%
4 Weißröckchen,
100%
1 du
98%
1 Du
98%
2 du
98%
3 du
98%
1 geschneit?
98%
1 kommst
98%
1 wann
95%
1 den
93%
4 den
93%
4 den
93%
1 so
93%
1 dein
91%
1 ist
91%
1 weit.
91%
1 Wolken,
91%
1 Weg
88%
1 in
84%
3 in
84%
1 wohnst
72%
2 ans
70%
2 dich
70%
2 dich
70%
2 Fenster,
70%
2 setz
70%
2 wir
70%
4 wir
70%
2 lieblicher
65%
2 Stern,
65%
2 und
65%
4 und
65%
2 gern.
63%
2 haben
63%
3 zu,
56%
4 zu
56%
3 die
53%
2 Blumen
51%
2 Blätter,
49%
3 uns
49%
4 uns
49%
3 dann
47%
4 Dann
47%
3 sie
44%
2 malst
42%
4 bau’n
40%
4 ins
40%
4 Schneemann
40%
4 Tal.
40%
4 Ball.
37%
3 deckst
37%
3 Ruh’.
37%
4 werfen
37%
3 himmlischer
35%
3 schlafen
35%
3 sicher
35%
3 Blümelein
30%
Keine übereinstimmenden Quizze gefunden
Verteilung der Resultate
Anzahl Personen mit jedem Resultat
Perzentil nach korrekt beantworteten Fragen
Ihre Resultats-Entwicklung
Sie haben dieses Quiz noch nicht gespielt